Responses for Show #3217 - Tuesday, September 8, 1998

David Bagley game 3.

Contestants

[<< previous game]

Tom Gould, a defense analyst from Stafford, Virginia

Barbara Bink, an editor from Fairfax, Virginia

David Bagley, an attorney from San Diego, California (whose 2-day cash winnings total $25,900)

[next game >>]

Jeopardy! Round responses

AROUND THE MEDITERRANEAN
MTV
SHAKESPEARE PLAIN & SIMPLE
WELL, EXHUME ME!
IT'S MILLER TIME
ANAGRAMMED U.S. CITIES
    $100 1
Greece

David
    $100 26
Register to/and vote

Barbara
    $100 6
(Barbara: What is...)

The Merchant of Venice

BarbaraTom
    $100 11
John Wilkes Booth

Tom
    $100 16
Arthur Miller

David
    $100 21
Mobile

David
    $200 2
Elba

Barbara
    $200 27
"Yo!"

Tom
    $200 7
The Taming of the Shrew

Barbara
    $200 12
Ernesto "Che" Guevara

Tom
    $200 17
Glenn Miller

Tom
    $200 22
Tulsa

David
    $300 3
Alexandria

David
    $300 28
Beavis & Butt-Head

David
    $300 8
the Globe Theater

David
    $300 13
Josef Mengele

Tom
    $300 18
Reggie Miller

Barbara
    $300 23
Canton

Barbara
    $400 4
Algiers

Tom
    $400 29
Jenny McCarthy

David
    $400 9
Othello

Tom
    $400 14
Meriwether Lewis

David
    $400 19
Roger Miller

Tom
    $400 24
(Alex: These are easy, aren't they? Maybe not this one.)

Las Vegas

David
    $500 5
Naples

Tom
    $500 30
Twelve Angry Viewers

Triple Stumper
    $500 10
Julius Caesar

Tom
    $500 15
Yves Montand

David
    $500 20
Henry Miller

Barbara
    $500 25
(Alex: All right, you did well in the category, players!)

Seattle

Tom

Scores at the first commercial break (after clue 14):

David Barbara Tom
$1,100 $300 $2,500

Scores at the end of the Jeopardy! Round:

David Barbara Tom
$3,100 $1,500 $3,800

Double Jeopardy! Round responses

SCIENTIFIC AMERICAN
INTERNATIONAL FOOD & DRINK
WHO'S THE ARTIST?
BEFORE & AFTER MOVIE TITLES
INTELLIGENCE
"FOOL"ISHNESS
    $200 16
Supernovas/novas

Tom
    $200 11
Prunes

David
    $200 1
Rembrandt

David
    $200 6
Born Free Willy

Barbara
    $200 17
Mole

Tom
    $200 22
April Fools Day

Tom
    $400 27
(Alex: Less than a minute to go.)

immunology

Barbara
    $400 12
Brazil

Tom
    $400 2
Edgar Degas

David
    $400 7
(Alex: [Doing imitation of Hoffman character in Rain Man] Okay, I guess I didn't do it as well as some people wanted me to!)

Singin' in the Rain Man

Triple Stumper
    $400 18
(Alex: That's twice you've come up with a correct response of your name!)

David

David
    $400 23
Foolhardy

David
    $1,000 28
(Barbara: Who is Newton?)

Werner Heisenberg

Barbara
    $600 13
Mushrooms

David
    $600 3
Georges Seurat

David
    $600 8
That Darn Cat on a Hot Tin Roof

Triple Stumper
    $600 19
Enigma

Barbara
    $600 24
a fool's paradise

Triple Stumper
    $800 29
Covalent bonds

David
    $800 14
Pudding

David
    $1,200 4
[Illustration of God]

William Blake

David
    $800 9
(Alex: Don't you love 'em, Tom? We've got one more--want to go for it?)

Zorro the Gay Blade Runner

Tom
    $800 20
Elizabeth I

David
    $800 25
Suffer fools

Tom
    $1000 30
Receptors

David
    $1000 15
Hungary

David
    $1000 5
Jacques-Louis David

David
    $1000 10
(Tom: What is The Magnificent Seven Brides for Seven Daughters?)
(Alex: Noooo!)

The Magnificent Seven Brides for Seven Brothers

BarbaraTom
    $1000 21
Counter Intelligence Program

Tom
    $1000 26
Fool's cap

Tom

Scores at the end of the Double Jeopardy! Round:

David Barbara Tom
$12,500 $2,700 $7,400

[wagering suggestions for these scores]

Final Jeopardy! Round responses

LITERARY GREATS
BarbaraWho was Bearce?
$2,200
TomWho is Oscar Wilde?
$5,101
DavidWho is Oscar Wilde?
$2,500
Oscar Wilde ("The Ballad of Reading Gaol")

Final scores:

David Barbara Tom
$15,000 $500 $12,501
3-day champion: $40,900 3rd place: Ducane Par-T-Grill 2nd place: Trip to Almond Beach Resort, Barbados

Game dynamics:

Coryat scores:

David Barbara Tom
$12,100 $3,700 $7,400
25 R
(including 1 DD),
0 W
10 R,
2 W
(including 1 DD)
20 R
(including 1 DD),
1 W

Combined Coryat: $23,200

[game clues] [game scores] [suggest correction]

Game tape date: 1998-07-14
The J! Archive is created by fans, for fans. Scraping, republication, monetization, and malicious use prohibited; this site may use cookies and collect identifying information. See terms. The Jeopardy! game show and all elements thereof, including but not limited to copyright and trademark thereto, are the property of Jeopardy Productions, Inc. and are protected under law. This website is not affiliated with, sponsored by, or operated by Jeopardy Productions, Inc. Join the discussion at JBoard.tv.